MARC

LEADER 00000nam0a2200000 4500
001 71687
005 20231031082850.0
035 |a (RuTPU)RU\TPU\book\76415 
090 |a 71687 
100 |a 20041223d2003 m y0rusy50 ca 
101 0 |a rus 
102 |a RU 
105 |a a j 001zy 
200 1 |a Теплообменники энергетических установок  |e учебник  |f Под ред. Ю. М. Бродова 
210 |a Екатеринбург  |c Изд-во Уральского ГТУ  |d 2003 
215 |a 965 с.  |c ил. 
320 |a Библиогр.: с. 936-939 
320 |a Глоссарий: с. 940-944 
610 1 |a теплотехника 
610 1 |a теплообменники 
610 1 |a теплообменные аппараты 
610 1 |a классификация 
610 1 |a паровые турбины 
610 1 |a конденсационные установки 
610 1 |a питательная вода 
610 1 |a системы подогрева 
610 1 |a ТЭС 
610 1 |a АЭС 
610 1 |a электрические станции 
610 1 |a турбины 
610 1 |a маслоснабжение 
610 1 |a регенераторы 
610 1 |a деаэраторы 
610 1 |a конструкции 
610 1 |a элементы 
610 1 |a прочность 
610 1 |a расчеты 
610 1 |a проектирование 
610 1 |a изготовление 
610 1 |a монтаж 
610 1 |a пуск 
610 1 |a эксплуатация 
610 1 |a техническое состояние 
610 1 |a диагностика 
610 1 |a совершенствование 
610 1 |a учебники 
675 |a 621.1.016.4(075.8)  |v 3 
702 1 |a Бродов  |b Ю. М.  |g Юрий Миронович  |4 340 
801 1 |a RU  |b 63413507  |c 20041223  |g PSBO 
801 2 |a RU  |b 63413507  |c 20050406  |g PSBO 
900 |a Теплоэнергетические системы промышленных предприятий 
942 |c BK 
951 |a 552700  |b 101400 
959 |a 183/20041223  |d 5  |e 1500  |f НФ:5